[Event "KOS-ch"]
[Site "Pristina"]
[Date "2021.10.19"]
[Round "4"]
[White "Kastrati, Kastriot"]
[Black "Hamiti, Gani"]
[Result "0-1"]
[WhiteElo "1858"]
[BlackElo "2145"]
[PlyCount "56"]
[EventDate "2021.10.16"]
[EventType "tourn"]
[EventRounds "9"]
[EventCountry "KOS"]
[SourceTitle "CBM 204 Extra"]
[Source "ChessBase"]
[SourceDate "2021.11.30"]
[SourceVersion "1"]
[SourceVersionDate "2021.11.30"]
[SourceQuality "1"]

1. e4 e5 2. Nf3 Nc6 3. Bb5 f5 4. d4 fxe4 5. Bxc6 dxc6 6. Nxe5 Nf6 7. 0-0 Bd6 8. f4 exf3 9. Qxf3 0-0 10. Qb3+ Nd5 11. Rxf8+ Qxf8 12. c4 Bxe5 13. dxe5 Qc5+ 14. Kh1 Nb6 15. Qe3 Qxe3 16. Bxe3 Nxc4 17. Bd4 Be6 18. h3 Rd8 19. Bc3 Rd1+ 20. Kh2 Ne3 21. Na3 Rxa1 22. Bd4 Nc4 23. Nxc4 Bxc4 24. Bxa7 Rxa2 25. Bb8 Rxb2 26. Bxc7 Bd5 27. h4 Rxg2+ 28. Kh3 Kf7 0-1

[Event "KOS-ch"]
[Site "Pristina"]
[Date "2021.10.17"]
[Round "2"]
[White "Kastrati, Kastriot"]
[Black "Krasniqi, Alban"]
[Result "1-0"]
[WhiteElo "1858"]
[BlackElo "1964"]
[PlyCount "133"]
[EventDate "2021.10.16"]
[EventType "tourn"]
[EventRounds "9"]
[EventCountry "KOS"]
[SourceTitle "CBM 204 Extra"]
[Source "ChessBase"]
[SourceDate "2021.11.30"]
[SourceVersion "1"]
[SourceVersionDate "2021.11.30"]
[SourceQuality "1"]

1. e4 e5 2. Nf3 Nc6 3. Bb5 Nf6 4. 0-0 Nxe4 5. Re1 Nd6 6. Nxe5 Nxe5 7. Rxe5+ Be7 8. Bf1 0-0 9. d4 Bf6 10. Re1 Re8 11. c3 Rxe1 12. Qxe1 Nf5 13. Bf4 c6 14. Nd2 d5 15. Bd3 Nd6 16. Bxd6 Be6 17. Bg3 h5 18. Be5 Be7 19. Nf1 h4 20. h3 Qd7 21. Qe3 f6 22. Bh2 Kf7 23. Re1 f5 24. Qf3 Rh8 25. Ne3 g6 26. Ng4 Qc8 27. Ne5+ Kf6 28. b4 a6 29. a4 Re8 30. Rb1 Bd8 31. Qf4 Kg7 32. Qd2 g5 33. f4 g4 34. Kh1 g3 35. Bg1 Kh6 36. Re1 Bc7 37. Re3 Qd8 38. Qe2 Qc8 39. Bc2 Bd6 40. Bd1 Kg7 41. Qh5 Qd8 42. Qg6+ Kf8 43. Qh7 Bxe5 44. fxe5 Qg5 45. Bh5 Re7 46. Qh8+ Bg8 47. Qf6+ Qxf6 48. exf6 Re4 49. Rxe4 dxe4 50. Be3 Bd5 51. a5 Bc4 52. Kg1 Kg8 53. Bg6 Be6 54. Kf1 Bc4+ 55. Ke1 Be6 56. Bg5 Bd5 57. Bxh4 f4 58. c4 f3 59. Bxg3 fxg2 60. Bh2 Bxc4 61. Kf2 Bd5 62. h4 c5 63. dxc5 b6 64. cxb6 e3+ 65. Kxe3 Be4 66. Bxe4 g1B+ 67. Bxg1 1-0

[Event "KOS-ch"]
[Site "Pristina"]
[Date "2020.11.01"]
[Round "8"]
[White "Rama, Rame"]
[Black "Kastrati, Kastriot"]
[Result "0-1"]
[WhiteElo "2001"]
[BlackElo "1810"]
[PlyCount "106"]
[EventDate "2020.10.10"]
[EventType "swiss"]
[EventRounds "9"]
[EventCountry "KOS"]
[SourceTitle "EXT 2022"]
[Source "ChessBase"]
[SourceDate "2021.10.06"]
[SourceVersion "1"]
[SourceVersionDate "2021.10.06"]
[SourceQuality "1"]

1. e4 c5 2. Nf3 d6 3. d4 cxd4 4. Nxd4 Nf6 5. Nc3 a6 6. Bg5 e6 7. Qd2 Be7 8. 0-0-0 Qc7 9. f3 Nbd7 10. h4 b5 11. g4 Bb7 12. Nce2 Rc8 13. Nf4 e5 14. Nfe6 fxe6 15. Nxe6 Qc6 16. Nxg7+ Kf7 17. Nf5 Rhd8 18. Bh3 Qc4 19. Kb1 Rc7 20. Rhe1 b4 21. Nxe7 Kxe7 22. Qxd6+ Kf7 23. Bxf6 Qxc2+ 24. Ka1 Re8 25. Bg5 Re6 26. Qxb4 Rb6 27. Qe7+ Kg8 28. Qd8+ Nf8 29. Rb1 Rbc6 30. Qd5+ Rf7 31. Rec1 Qh2 32. Rh1 Qg3 33. Be7 Rc7 34. Qb3 Rcxe7 35. Bf1 Qxf3 36. Rh3 Qxb3 37. Rxb3 Bxe4 38. Re1 Bd5 39. Rg3 Rf6 40. g5 Rc6 41. Bd3 e4 42. Bb1 e3 43. Rgxe3 Rxe3 44. Rxe3 Rc1 45. b3 Rh1 46. Re5 Bf7 47. Kb2 Rxh4 48. Bd3 Nd7 49. Ra5 Nb8 50. Bxa6 Nxa6 51. Rxa6 Rg4 52. Ra5 Kg7 53. b4 Rxb4+ 0-1

[Event "KOS-ch"]
[Site "Pristina"]
[Date "2020.10.25"]
[Round "6"]
[White "Sahiti, Jahjush"]
[Black "Kastrati, Kastriot"]
[Result "1/2-1/2"]
[WhiteElo "1993"]
[BlackElo "1810"]
[PlyCount "87"]
[EventDate "2020.10.10"]
[EventType "swiss"]
[EventRounds "9"]
[EventCountry "KOS"]
[SourceTitle "EXT 2022"]
[Source "ChessBase"]
[SourceDate "2021.10.06"]
[SourceVersion "1"]
[SourceVersionDate "2021.10.06"]
[SourceQuality "1"]

1. e4 c5 2. Nf3 d6 3. d4 cxd4 4. Nxd4 Nf6 5. Nc3 a6 6. Be2 e6 7. Be3 Be7 8. Qd2 Qc7 9. 0-0 Nc6 10. Rac1 0-0 11. Bf3 Ne5 12. Be2 b5 13. f3 Bb7 14. Nd1 Nc4 15. Bxc4 bxc4 16. Qf2 d5 17. exd5 Nxd5 18. Kh1 Nxe3 19. Nxe3 c3 20. bxc3 Qxc3 21. Ne2 Qc7 22. c3 Rfd8 23. Ng3 Bc5 24. Qe2 Qf4 25. Rfe1 Bxe3 26. Qxe3 Qxe3 27. Rxe3 Rd2 28. Re2 Rad8 29. Rxd2 Rxd2 30. h3 f5 31. c4 Rxa2 32. Rb1 Bc6 33. Rb6 Be8 34. Rxe6 Kf7 35. Rb6 g6 36. Rb7+ Kg8 37. Kh2 Bc6 38. Rb8+ Kg7 39. Kg1 Ra4 40. Rb6 Rxc4 41. Rxa6 Rc2 42. Ra7+ Kh6 43. Rc7 Ba4 44. Re7 1/2-1/2

[Event "KOS-ch"]
[Site "Pristina"]
[Date "2020.10.11"]
[Round "2"]
[White "Klisurica, Jashar"]
[Black "Kastrati, Kastriot"]
[Result "1-0"]
[WhiteElo "2055"]
[BlackElo "1810"]
[PlyCount "65"]
[EventDate "2020.10.10"]
[EventType "swiss"]
[EventRounds "9"]
[EventCountry "KOS"]
[SourceTitle "EXT 2022"]
[Source "ChessBase"]
[SourceDate "2021.10.06"]
[SourceVersion "1"]
[SourceVersionDate "2021.10.06"]
[SourceQuality "1"]

1. e4 c5 2. Nf3 d6 3. d4 cxd4 4. c3 dxc3 5. Nxc3 Nc6 6. Bc4 e6 7. Qe2 Nf6 8. 0-0 a6 9. a4 Qc7 10. Bg5 Be7 11. Rfd1 0-0 12. Rac1 Qb8 13. h3 h6 14. Be3 b6 15. Qd2 Kh7 16. e5 Nxe5 17. Nxe5 dxe5 18. Bd3+ g6 19. Bxh6 Rd8 20. Bg5 e4 21. Bxf6 Bxf6 22. Nxe4 Bd4 23. Qg5 Bb7 24. Qe7 Rf8 25. Ng5+ Kh6 26. Nxf7+ Rxf7 27. Qxf7 Qg3 28. Qxb7 Bxf2+ 29. Kh1 Rf8 30. Qe7 Rf3 31. Rc8 Bd4 32. Bxg6 Be5 33. Qh7+ 1-0